| 000 | 00435nam a22001577a 4500 | ||
|---|---|---|---|
| 008 | 240806b |||||||| |||| 00| 0 eng d | ||
| 020 | _a9781284026269 | ||
| 082 | _a610.73 | ||
| 100 | _aIwasiw, Carroll L. | ||
| 245 | _aCurriculum Development in Nursing Education | ||
| 250 | _a3rd ed. | ||
| 260 |
_aBurlington: _bJones and Bartlett, _c2015. |
||
| 300 |
_axvi, 451 p.; _c23 Cm. |
||
| 700 |
_aGoldenberg, Dolly. _eAuthor |
||
| 942 | _2ddc | ||
| 999 |
_c9958 _d9959 |
||